000 00899cpcaa2200265 4500
001 mm 81044446
003 DLC
005 20260227111708.0
008 811028|||||||||||| eng
010 _amm 81044446
040 _aDLC
_cDLC
_edacs
_dDLC
072 7 _aL
_2lcmd
245 0 0 _aWalker family papers,
_f1932-1937.
300 _a125
_fitems.
300 _a1
_fcontainer.
506 0 _aOpen to research.
520 8 _aCorrespondence of Ernest G. Walker and material of Mannix Walker.
546 _aCollection material in English.
600 3 0 _aWalker family.
600 1 0 _aWalker, Ernest G.
_vCorrespondence.
700 1 _aWalker, Mannix,
_d1904-
_tMannix Walker papers.
999 _c43167
_d43167